LEADER 00856nam0-22002771i-450- 001 990004863700403321 005 19990530 035 $a000486370 035 $aFED01000486370 035 $a(Aleph)000486370FED01 035 $a000486370 100 $a19990530g19739999km-y0itay50------ba 101 0 $aita 105 $ay-------001yy 200 1 $a<>theatre of the greeks$eA treatise on the history and exhibition of the greek drama$eWith various supplements$fby John Willialm Donaldson 205 $a7.th ed. rev. 210 $aNew York$cHaskell House$d1973. 215 $aXI, 443 p.$d23 cm 700 1$aDonaldson,$bJohn William$0116318 801 0$aIT$bUNINA$gRICA$2UNIMARC 901 $aBK 912 $a990004863700403321 952 $aXIII 18$bBibl. 48342$fFLFBC 959 $aFLFBC 996 $aTheatre of the greeks$9522464 997 $aUNINA LEADER 02693nam 2200625 450 001 9910785393603321 005 20230207213815.0 010 $a1-282-82204-7 010 $a9786612822049 010 $a1-4411-9737-0 010 $a1-4411-7976-3 035 $a(CKB)2670000000052260 035 $a(EBL)592410 035 $a(OCoLC)679932987 035 $a(SSID)ssj0000429737 035 $a(PQKBManifestationID)12182017 035 $a(PQKBTitleCode)TC0000429737 035 $a(PQKBWorkID)10451970 035 $a(PQKB)11028705 035 $a(MiAaPQ)EBC592410 035 $a(MiAaPQ)EBC5309468 035 $a(EXLCZ)992670000000052260 100 $a20180315h20102010 uy 0 101 0 $aeng 135 $aur|n|---||||| 181 $ctxt 182 $cc 183 $acr 200 00$aThree minutes of hope $eHugo Gryn on the God slot /$fedited by Naomi Gryn 210 1$aLondon, [England] ;$aNew York, [New York] :$cContinuum,$d2010. 210 4$dİ2010 215 $a1 online resource (289 p.) 300 $aDescription based upon print version of record. 311 $a1-4411-4035-2 320 $aIncludes bibliographical references and index. 327 $aCONTENTS; LIST OF ILLUSTRATIONS; FOREWORD; INTRODUCTION; HUGO'S ANECDOTAGE; JEWISH CALENDAR; FIVE BOOKS OF MOSES; THE PROPHETS AND OTHER BOOKS OF THE BIBLE; LOVING YOUR NEIGHBOUR AND THE STRANGER; HUGO'S SPIRITUAL HEROES AND THE JEWISH WORLD; SECOND WORLD WAR AND THE HOLOCAUST; GLOSSARY AND BIOGRAPHIES; BIBLIOGRAPHY; INDEX; ACKNOWLEDGEMENTS 330 $aHugo Gryn's death triggered a huge outpouring of grief, not just from the congregation at the West London Synagogue where he was rabbi for 32 years, but from the much wider audience who had come to know him as a regular panellist on The Moral Maze and through his broadcasts on various 'God slots' for the BBC and Capital Radio. With just a couple of minutes to inject a dose of spirituality into the daily lives of believers and non-believers alike, Hugo's gentle humour, his warmth and compassion, his deep spirituality and his unquenchable faith in humanity made a lasting impression on listeners 606 $aJudaism$y20th century 606 $aJudaism and politics 606 $aJudaism$xSocial aspects 615 0$aJudaism 615 0$aJudaism and politics. 615 0$aJudaism$xSocial aspects. 676 $a201.7 676 $a296.7/2 676 $a296.72 700 $aGryn$b Hugo$f1930-1996.$01484339 702 $aGryn$b Naomi 801 0$bMiAaPQ 801 1$bMiAaPQ 801 2$bMiAaPQ 906 $aBOOK 912 $a9910785393603321 996 $aThree minutes of hope$93702937 997 $aUNINA LEADER 05098nam 2201117Ia 450 001 9910781291003321 005 20230126204028.0 010 $a1-283-27813-8 010 $a9786613278135 010 $a0-520-94947-1 024 7 $a10.1525/9780520949478 035 $a(CKB)2550000000031536 035 $a(EBL)656672 035 $a(OCoLC)707080705 035 $a(SSID)ssj0000470254 035 $a(PQKBManifestationID)11282272 035 $a(PQKBTitleCode)TC0000470254 035 $a(PQKBWorkID)10410640 035 $a(PQKB)10276923 035 $a(MiAaPQ)EBC656672 035 $a(DE-B1597)519285 035 $a(DE-B1597)9780520949478 035 $a(Au-PeEL)EBL656672 035 $a(CaPaEBR)ebr10448566 035 $a(CaONFJC)MIL327813 035 $a(EXLCZ)992550000000031536 100 $a20100922d2011 ub 0 101 0 $aeng 135 $aur|n|---||||| 181 $ctxt 182 $cc 183 $acr 200 10$aIn search of lost meaning$b[electronic resource] $ethe new Eastern Europe /$fAdam Michnik ; edited by Irena Grudzinska Gross ; translated by Roman S. Czarny, with a foreword by Vaclav Havel and an introduction by John Darnton 210 $aBerkeley $cUniversity of California Press$dc2011 215 $a1 online resource (246 p.) 300 $aIncludes index. 311 $a0-520-26923-3 327 $tFrontmatter -- $tContents -- $tForeword: About Michnik -- $tEditor's Note -- $tIntroduction: Michnik -- $t1. Poland at the Turning Point: Fifteen Years of Transformation, Fifteen Years of Gazeta Wyborcza -- $t2. In Search of Lost Meaning: The Twenty- Fifth Anniversary of the Solidarity Movement -- $t3. Rage and Shame, Sadness and Pride: The Twenty- Fourth Anniversary of the Imposition of Martial Law -- $t4. The Bitter Memory of Budapest: The Fiftieth Anniversary of the Budapest Uprising -- $t5. The Sadness of the Gutter -- $t6. Accusers and Traitors -- $t7. The Accusers and the Noncivic Acts -- $t8. A Wound upon Adam Mickiewicz's Brow -- $t9. The Kielce Pogrom: Two Examinations of Conscience -- $t10. The Shock of Jedwabne -- $tGlossary: Guide to Events and People -- $tIndex 330 $aIn this new collection of essays, Adam Michnik-one of Europe's leading dissidents-traces the post-cold-war transformation of Eastern Europe. He writes again in opposition, this time to post-communist elites and European Union bureaucrats. Composed of history, memoir, and political critique, In Search of Lost Meaning shines a spotlight on the changes in Poland and the Eastern Bloc in the post-1989 years. Michnik asks what mistakes were made and what we can learn from climactic events in Poland's past, in its literature, and the histories of Central and Eastern Europe. He calls attention to pivotal moments in which central figures like Lech Walesa and political movements like Solidarity came into being, how these movements attempted to uproot the past, and how subsequent events have ultimately challenged Poland's enduring ethical legacy of morality and liberalism. Reflecting on the most recent efforts to grapple with Poland's Jewish history and residual guilt, this profoundly important book throws light not only on recent events, but also on the thinking of one of their most important protagonists. 606 $aSocial ethics 606 $aSocial ethics$zPoland 606 $aSocial change$zEurope, Eastern 606 $aSocial change$zPoland 607 $aPoland$xPolitics and government$y1980-1989 607 $aEurope, Eastern$xPolitics and government$y1945-1989 607 $aEurope, Eastern$xPolitics and government$y1989- 607 $aEurope, Central$xPolitics and government$y1989- 610 $aactivism. 610 $aanti semitism. 610 $acentral europe. 610 $acold war. 610 $acommunism. 610 $adissident. 610 $aeastern bloc. 610 $aeastern europe. 610 $aeurope. 610 $aeuropean union. 610 $agenocide. 610 $aguilt. 610 $ahistory. 610 $aholocaust. 610 $ajewish history. 610 $alech walesa. 610 $aliberalism. 610 $amemoir. 610 $amodern history. 610 $amorality. 610 $anonfiction. 610 $apoland. 610 $apolish jews. 610 $apolish literature. 610 $apolitical action. 610 $apolitical movements. 610 $apolitics. 610 $apost cold war. 610 $arebellion. 610 $ared scare. 610 $arussia. 610 $asocial justice. 610 $asolidarity. 610 $aussr. 610 $awar. 615 0$aSocial ethics. 615 0$aSocial ethics 615 0$aSocial change 615 0$aSocial change 676 $a303.48/4094380904 700 $aMichnik$b Adam$0384693 701 $aGrudzin?ska-Gross$b Irena$01168875 801 0$bMiAaPQ 801 1$bMiAaPQ 801 2$bMiAaPQ 906 $aBOOK 912 $a9910781291003321 996 $aIn search of lost meaning$93713174 997 $aUNINA